| 000 | 00334nam a22001337a 4500 | ||
|---|---|---|---|
| 020 | _a9789383692071 | ||
| 082 |
_a631.4 _bHIC/SO |
||
| 245 | _aSoil Conservation: Technical Handbook | ||
| 260 |
_aNew Delhi _bUnited Book Prints _c2015 |
||
| 300 | _a262 | ||
| 700 |
_aHicks,Doug H. _91020 |
||
| 700 |
_aTabitha Anthony _91021 |
||
| 942 | _cBK | ||
| 999 |
_c14592 _d14592 |
||